| 000 | 00700nam a2200205 i 4500 | ||
|---|---|---|---|
| 001 | bg | ||
| 100 | 1 | _aMATULA, Eugeniusz | |
| 245 | 0 |
_aZapobieganie porażeniom elektrycznym w przemyśle / _cEugeniusz Matula, Marek Sych. |
|
| 250 | _aWyd. 8 uzup. i uaktual. | ||
| 260 |
_aWarszawa, _c1980. |
||
| 650 | 9 |
_aRażenie prądem elektrycznym _xzapobieganie |
|
| 650 | 9 |
_aElektroenergetyka _xurządzenia _xbezpieczeństwo i higiena pracy |
|
| 700 | 1 | _aSYCH, Marek | |
| 040 | _cBPK | ||
| 041 | _apol | ||
| 080 | _a621.31:614.8:331.45 | ||
| 942 | _cKS | ||
| 008 | s pl f |000 0 pol | ||
| 856 |
_uhttp://koha.tu.koszalin.pl/cgi-bin/koha/opac-detail.pl?biblionumber=1576 _yKatalog online BPK |
||
| 999 |
_c1576 _d1576 |
||